London Underground stations (1960) Quiz Stats

 Plays Quiz not verified by Sporcle

Score 0/272 Timer 20:00
0 Plays Today
Station % Correct
Bank
72.6%
Aldgate
70.8%
Aldgate East
66%
Kings Cross St Pancras
64.2%
Baker Street
63.2%
Acton Town
62.3%
Euston
62.3%
Paddington
62.3%
Waterloo
62.3%
Angel
61.3%
Watford
61.3%
Amersham
60.4%
Barking
60.4%
Tottenham Court Road
60.4%
Charing Cross
59.4%
Epping
59.4%
Holborn (Kingsway)
58.5%
Liverpool Street
57.5%
London Bridge
57.5%
Oxford Circus
57.5%
Victoria
56.6%
West Ham
56.6%
Leicester Square
55.7%
Euston Square
54.7%
Aldwych
53.8%
Edgware
53.8%
Hammersmith
53.8%
Piccadilly Circus
53.8%
St Paul's
53.8%
Uxbridge
53.8%
Archway
52.8%
Arnos Grove
52.8%
Arsenal
52.8%
Cockfosters
52.8%
Moorgate
52.8%
Old Street
52.8%
Bond Street
51.9%
Earl's Court
51.9%
East Ham
51.9%
Mile End
51.9%
Oval
51.9%
Temple
51.9%
Tower Hill
51.9%
White City
51.9%
Camden Town
50.9%
Chancery Lane
50.9%
High Barnet
50.9%
Queensway
50.9%
South Kensington
50.9%
Upminster
50.9%
Whitechapel
50.9%
Balham
50%
Covent Garden
50%
Ealing Broadway
50%
Edgware Road
50%
Goodge Street
50%
Harrow & Wealdstone
50%
Leyton
50%
Shepherd's Bush
50%
Stratford
50%
Wimbledon
50%
Bayswater
49.1%
Borough
49.1%
Chesham
49.1%
East Acton
49.1%
Farringdon
49.1%
Mornington Crescent
49.1%
Westminster
49.1%
Barkingside
48.1%
Elephant & Castle
48.1%
Great Portland Street
48.1%
Lancaster Gate
48.1%
Marylebone
48.1%
Mill Hill East
48.1%
Morden
48.1%
Ongar
48.1%
Ruislip
48.1%
Barons Court
47.2%
Bethnal Green
47.2%
Blackfriars
47.2%
Gloucester Road
47.2%
Hampstead
47.2%
High Street Kensington
47.2%
Hounslow Central
47.2%
Hounslow East
47.2%
Hounslow West
47.2%
Kilburn
47.2%
Maida Vale
47.2%
Mansion House
47.2%
Marble Arch
47.2%
Monument
47.2%
Station % Correct
North Acton
47.2%
Theydon Bois
47.2%
West Ruislip
47.2%
Green Park
46.2%
Hyde Park Corner
46.2%
Knightsbridge
46.2%
Leytonstone
46.2%
Russell Square
46.2%
Stockwell
46.2%
Wembley Park
46.2%
Cannon Street
45.3%
Debden
45.3%
Ealing Common
45.3%
Harrow-on-the-Hill
45.3%
Kingsbury
45.3%
Loughton
45.3%
Warren Street
45.3%
Belsize Park
44.3%
Clapham Common
44.3%
East Finchley
44.3%
Finsbury Park
44.3%
Highgate
44.3%
Kennington
44.3%
Richmond
44.3%
Sloane Square
44.3%
St James's Park
44.3%
Tooting Bec
44.3%
Upminster Bridge
44.3%
Alperton
43.4%
Becontree
43.4%
Brent
43.4%
Golders Green
43.4%
Hillingdon
43.4%
Ickenham
43.4%
Notting Hill Gate
43.4%
Queen's Park
43.4%
Queensbury
43.4%
Strand
43.4%
Totteridge & Whetstone
43.4%
Woodford
43.4%
Clapham North
42.5%
Fulham Broadway
42.5%
Gants Hill
42.5%
Kensington (Olympia)
42.5%
Putney Bridge
42.5%
Ruislip Gardens
42.5%
South Wimbledon
42.5%
South Woodford
42.5%
Stanmore
42.5%
Tooting Broadway
42.5%
West Acton
42.5%
Bow Road
41.5%
Bromley
41.5%
Caledonian Road
41.5%
Chigwell
41.5%
Croxley
41.5%
Finchley Central
41.5%
Finchley Road
41.5%
Holloway Road
41.5%
Kenton
41.5%
Pinner
41.5%
Plaistow
41.5%
Ruislip Manor
41.5%
Boston Manor
40.6%
Clapham South
40.6%
Goldhawk Road
40.6%
Grange Hill
40.6%
Greenford
40.6%
Hainault
40.6%
Kew Gardens
40.6%
Neasden
40.6%
Wembley Central
40.6%
Willesden Junction
40.6%
Chalfont & Latimer
39.6%
Chalk Farm
39.6%
Colindale
39.6%
Collier's Wood
39.6%
East Putney
39.6%
Holland Park
39.6%
Hornchurch
39.6%
Oakwood
39.6%
Perivale
39.6%
Regent's Park
39.6%
South Ruislip
39.6%
Southgate
39.6%
Watford Junction
39.6%
Burnt Oak
38.7%
Chorley Wood
38.7%
Dagenham East
38.7%
Fairlop
38.7%
Gunnersbury
38.7%
Station % Correct
Hanger Lane
38.7%
Manor House
38.7%
Rayners Lane
38.7%
Roding Valley
38.7%
Shoreditch
38.7%
South Ealing
38.7%
Southfields
38.7%
St John's Wood
38.7%
Swiss Cottage
38.7%
Turnham Green
38.7%
Wanstead
38.7%
West Finchley
38.7%
Wood Green
38.7%
Chiswick Park
37.7%
Elm Park
37.7%
Hendon Central
37.7%
Ladbroke Grove
37.7%
Lambeth North
37.7%
Latimer Road
37.7%
Moor Park
37.7%
Park Royal
37.7%
Rickmansworth
37.7%
Trafalgar Square
37.7%
West Kensington
37.7%
Dagenham Heathway
36.8%
Kentish Town
36.8%
Kilburn Park
36.8%
New Cross
36.8%
Newbury Park
36.8%
North Ealing
36.8%
North Harrow
36.8%
North Weald
36.8%
North Wembley
36.8%
Upney
36.8%
Warwick Avenue
36.8%
Woodside Park
36.8%
Blake Hall
35.8%
Bounds Green
35.8%
Bushey & Oxhey
35.8%
Harlesden
35.8%
New Cross Gate
35.8%
Osterley
35.8%
Stepney Green
35.8%
West Brompton
35.8%
Wimbledon Park
35.8%
Dollis Hill
34.9%
Eastcote
34.9%
Highbury & Islington
34.9%
Northfields
34.9%
Northolt
34.9%
Northwood
34.9%
Parsons Green
34.9%
Royal Oak
34.9%
Snaresbrook
34.9%
South Kenton
34.9%
Tufnell Park
34.9%
Upton Park
34.9%
Willesden Green
34.9%
Buckhurst Hill
34%
Redbridge
34%
Rotherhithe
34%
South Harrow
34%
Sudbury Town
34%
West Harrow
34%
Canons Park
33%
Ravenscourt Park
33%
Stonebridge Park
33%
Sudbury Hill
33%
West Hampstead
33%
Northwood Hills
32.1%
Turnpike Lane
32.1%
Kensal Green
31.1%
Wapping
31.1%
Aldersgate
30.2%
Westbourne Park
30.2%
Stamford Brook
29.2%
Carpenders Park
28.3%
Northwick Park
28.3%
Preston Road
28.3%
Watford High Street
28.3%
Aylesbury
27.4%
Shadwell
27.4%
Hatch End
25.5%
Headstone Lane
25.5%
Essex Road
23.6%
Drayton Park
21.7%
Surrey Docks
20.8%
Great Missenden
17%
Wendover
15.1%
Stoke Mandeville
11.3%

You're not logged in!

Compare scores with friends on all Sporcle quizzes.
Join for Free
OR
Log In

You Might Also Like...

Show Comments

Extras

Top Quizzes Today


Score Distribution

Your Account Isn't Verified!

In order to create a playlist on Sporcle, you need to verify the email address you used during registration. Go to your Sporcle Settings to finish the process.

Report this User

Report this user for behavior that violates our Community Guidelines.

Details: